000 00833nam a22002897a 4500
003 dpl
005 20240813104944.0
008 240813b |||||||| |||| 00| 0 eng d
010 _aB-162105 ENG-141318
020 _c550.00
_a9788171771592
020 _c1095.00
_a9788171773640
035 _aB-162105
035 _aEN-124850
037 _bCen Lib/Ret
040 _aDPL
_bEN
_c0
082 _a340
_bSAR
100 _aSarma, B. C
_915251
245 _aThe law of ultra vires/
_cby B. C. Sarma
260 _aCalcutta
_bEastern Law House
_c2004
270 _a54 Ganesh Chunder Avenue
_bCalcutta
_e700013
300 _a491p.
_c21cm(Hb)
300 _a553p.:
_c22cm(Hb)
_bIndex
500 _aIncludes index
650 _aUltra vires
_915252
650 _aIndia-Ultra vires
_915253
942 _2ddc
_cEN
_h340
_mSAR
999 _c125711
_d125711